مكتبة جامعة عجلون الوطنية

فهرس بحث المكتبة

الدعوى المدنية الناشئة عن جريمة بين قانون العقوبات الدولى والقانون الولى الخاص " دراسة تأصيلية مقارنة " (Record no. 24127)

MARC details
000 -LEADER
fixed length control field 00867nam a2200229Ii 4500
003 - CONTROL NUMBER IDENTIFIER
control field JO-AjNU
008 - FIXED-LENGTH DATA ELEMENTS--GENERAL INFORMATION
fixed length control field 230605s9999||||xx |||||||||||||| ||und||
017 ## - COPYRIGHT OR LEGAL DEPOSIT NUMBER
Copyright or legal deposit number 1985/4507
020 ## - INTERNATIONAL STANDARD BOOK NUMBER
International Standard Book Number 977-04-179-X
040 ## - CATALOGING SOURCE
Original cataloging agency JO-AjNU
Language of cataloging ara
Description conventions rda
Transcribing agency JO-AjNU
041 ## - LANGUAGE CODE
Language code of text/sound track or separate title ara
050 14 - LIBRARY OF CONGRESS CALL NUMBER
Classification number KRM3586.1985
100 3# - MAIN ENTRY--PERSONAL NAME
Personal name سلامة، أحمد عبد الكريم ,
Relator term author
9 (RLIN) 47144
245 00 - TITLE STATEMENT
Title الدعوى المدنية الناشئة عن جريمة بين قانون العقوبات الدولى والقانون الولى الخاص " دراسة تأصيلية مقارنة "
250 ## - EDITION STATEMENT
Edition statement (د،ط)
264 31 - PRODUCTION, PUBLICATION, DISTRIBUTION, MANUFACTURE, AND COPYRIGHT NOTICE
Place of production, publication, distribution, manufacture القاهرة : دار النهضة العربية ، 1985
300 ## - PHYSICAL DESCRIPTION
Extent 363ص
336 ## - CONTENT TYPE
Content type term text
Content type code txt
Source rdacontent
337 ## - MEDIA TYPE
Media type term unmediated
Media type code n
Source rdamedia
338 ## - CARRIER TYPE
Carrier type term volume
Carrier type code nc
Source rdacarrier
650 #4 - SUBJECT ADDED ENTRY--TOPICAL TERM
Topical term or geographic name entry element الدعوى -- قوانين -- مصر
9 (RLIN) 47145
Holdings
Withdrawn status Lost status Source of classification or shelving scheme Damaged status Not for loan Home library Current library Shelving location Date acquired Total Checkouts Full call number Barcode Date last seen Price effective from Koha item type
    Library of Congress Classification     مكتبة جامعة عجلون الوطنية مكتبة جامعة عجلون الوطنية المجموعات العامة 06/06/2023   KRM3586.1985 A20559 06/06/2023 06/06/2023 Books